| 000 | 00759nam a22002417a 4500 | ||
|---|---|---|---|
| 999 |
_c4520 _d4520 |
||
| 003 | URS | ||
| 005 | 20220117120358.0 | ||
| 008 | 190618b ||||| |||| 00| 0 eng d | ||
| 020 | _a9710617654 | ||
| 040 |
_erda _cURS _beng |
||
| 050 |
_aHF 5691 _b.L6297 1987 |
||
| 100 |
_aPamintuan, Fernando C., _eauthor. |
||
| 245 | 0 | 0 |
_aConsumer mathematics : _btoward a better Filipino consumer / _cNumidas O. Limjap. |
| 264 | 1 |
_a Quezon City : _bPhoenix Publishing House, _c[1987] |
|
| 264 | 4 | _c©1987 | |
| 300 |
_avii, 195 pages : _billustrations ; _c26 cm |
||
| 336 |
_atext _btxt _2rdacontent |
||
| 337 |
_aunmediated _bn _2rdamedia |
||
| 338 |
_avolume _bnc _2rdacarrier |
||
| 500 | _aIncludes index. | ||
| 650 | 0 |
_aConsumers _xMathematical models |
|
| 942 |
_2lcc _cF |
||